000 00634nam a2200181Ia 4500
008 090124s9999 xx 000 0 und d
082 _b6756
_a12
100 _aगाडगीळ अमरेंद्र लक्ष्मण
245 _a अज्ञाताची वचने
250 _a2
260 _c1946
300 _a61
600 _aगाडगीळ अमरेंद्र लक्ष्मण
630 _a अज्ञाताची वचने
700 _aगाडगीळ अमरेंद्र लक्ष्मण
730 _a अज्ञाताची वचने
942 _cBOOK
999 _c120697
_d120697